|
|
|
|
| LEADER |
00813nam a22002172a 4500 |
| 001 |
000976056 |
| 003 |
CZ BrMZK |
| 005 |
20191009130708.0 |
| 007 |
ta |
| 008 |
091106s1956 gw er|||||||||||ger d |
| 040 |
|
|
|a BOA001
|b cze
|
| 245 |
0 |
4 |
|a Die erste vollautomatische Taktstrasse in der DDR /
|c Werner Lang ... [et al.]
|
| 260 |
|
|
|a Leipzig :
|b Urania-Verlag,
|c 1956
|
| 300 |
|
|
|a 49 s.
|
| 490 |
1 |
|
|a Schriftenreihe d. Gesellschaft zur Verbreitung wissenschaftlicher Kenntnisse. Reihe B. Technik ;
|v Hft. 4/5
|
| 700 |
1 |
|
|a Lang, Werner
|4 aut
|
| 830 |
|
0 |
|a Schriftenreihe d. Gesellschaft zur Verbreitung wissenschaftlicher Kenntnisse.
|n Reihe B.
|p Technik
|
| 910 |
|
|
|a BOA001
|b 1-0375.841
|
| 990 |
|
|
|a BK
|
| 991 |
|
|
|b 200911
|
| 996 |
7 |
|
|b 2619416266
|c 1-0375.841
|l MZK
|r Sklad / do 1 hodiny
|n 0
|w 000976056
|u 000010
|a 1
|e BOA001
|j MZK50
|s A
|